| 000 | 00472cam a22001211 4500 | ||
|---|---|---|---|
| 008 | 770728s1948 xx 000 0 eng | ||
| 082 | _a383.22 | ||
| 100 | _aLindquist, H. L. | ||
| 245 | 0 | 4 | _aThe Stamp specialist forest green book. |
| 260 |
_a[New York, _bH. L. Lindquist, _c1948] |
||
| 500 | _a"Index to the Stamp specialist, vol. 1, part 1, 1939 through the Forest green book, 1948, prepared by C. S. Hitchins and George M. Martin": p. 123-134. | ||
| 650 | 0 | _aStamp collecting. | |
| 999 |
_c3650 _d3650 |
||